| 000 | 00459cam a2200193ua 4500 | ||
|---|---|---|---|
| 001 | 576 | ||
| 008 | 110419n ii |||gr||||Z||||||eng | ||
| 020 | _a81-7339-177-7 | ||
| 040 | _cMAIN | ||
| 082 | _a320.5 | ||
| 245 | 1 | 1 |
_aRajnaitik tatta. _cBy Purandar Gogoi. |
| 250 | _a9th. | ||
| 260 |
_aDibrugarh.: _bBanalata.,997. |
||
| 300 | _a432 p.:6 cm. | ||
| 653 | _aPolitical science. | ||
| 653 | _aRajnaitik tatta. | ||
| 700 | _aGogoi, Purandar., | ||
| 942 | _cBK | ||
| 999 |
_c511 _d511 |
||